000 01341cam a2200349 i 4500
001 30828
003 Mx-PuUPA
005 20250610164653.0
008 140415s2011 sp gr 001 0 spa d
017 _aB- 31.624-2011
020 _a9788425425035
040 _cmx
_aMx-PuUPA
_bspa
_dMx-PuUPA
_erda
041 1 _aspa
_hger
100 1 _aHirschberger, Johannes,
_d1900-1990
_eautor
_916941
240 1 _aGeschichte der philosophie.
_lEspañol
245 1 0 _aHistoria de la filosofía :
_bVolumen I. Antigüedad, Edad Media, Renacimiento /
_cJohannes Hirschberger ; traducción, Luis Martínez Gómez ; edición, Raúl Gabás
250 _aCorregida y aumentada /
_bpor Raúl Gabás
264 1 _aBarcelona, España :
_bHerder Editorial,
_c©2011
300 _a691 páginas ;
_c25 cm
336 _2rdacontent
_atexto
_btxt
337 _2rdamedia
_asin medio
_bn
338 _2rdacarrier
_avolumen
_bnc
650 7 _2armarc
_aFilosofía
_xHistoria
650 7 _2armarc
_aFilosofía
700 1 _aMartínez Gómez, Luis,
_etraductor
700 1 _aGabás, Raúl,
_eeditor
765 1 _aHirschberger, Johannes, 1900-1990
_tGeschichte der Philosophie
942 _2ddc
_cLI
_h109
_iH6618
999 _c30828
_d30828